[Event "Primera"]
[Site ""]
[Date "2006.??.??"]
[Round "8"]
[White "Juni Marcos"]
[Black "Tello Rafael"]
[Result "0-1"]
[WhiteElo "1631"]
[BlackElo "1578"]

1.e4 c5 2.Nf3 d6 3.d4 cxd4 4.Qxd4 Nc6 5.Bb5 Bd7 6.Bxc6 Bxc6 7.Nc3 Nf6 8.Bg5
Qa5 9.O-O-O h6 10.Bxf6 gxf6 11.Qe3 h5 12.Kb1 Rc8 13.Nd4 Bd7 14.f4 Bg7 15.Nb3
Qa6 16.Qd4 Rg8 17.g3 b5 18.Rhe1 Rc4 19.Qd3 Qc8 20.Nd4 b4 21.Nd5 e6 22.Ne3 Rc5
23.Nb3 Rc7 24.Qxd6 Bf8 25.Qd4 a5 26.f5 a4 27.Nc1 Be7 28.fxe6 fxe6 29.Nd3 a3
30.b3 Bb5 31.Nf2 Rd7 32.Qb6 Qc3 0-1

[Event "Primera"]
[Site ""]
[Date "2006.??.??"]
[Round "8"]
[White "Sancho Jesús"]
[Black "Donoso Alejandro"]
[Result "1-0"]
[WhiteElo "1686"]
[BlackElo "1786"]

1.e4 c5 2.Nf3 e6 3.d4 cxd4 4.Nxd4 a6 5.Nc3 Qc7 6.Be3 Bb4 7.Qd2 Nf6 8.Bd3 d5 9.
a3 Bxc3 10.bxc3 dxe4 11.Be2 O-O 12.O-O Rd8 13.Rad1 Bd7 14.Bg5 Nc6 15.Bxf6 gxf6
16.Qh6 Nxd4 17.Rxd4 e5 18.Rxe4 Bf5 19.Re3 Qd6 20.Bd3 Bg6 21.h4 Qf8 22.Qxf8+
Kxf8 23.f4 Bxd3 24.cxd3 Rac8 25.fxe5 fxe5 26.Rc1 Rd4 27.c4 f6 28.Rb1 Rc7 29.
Rb6 Kg7 30.Rg3+ Kf7 31.Rf3 Kg7 32.Rbxf6 Rxd3 33.Rf7+ Rxf7 34.Rxd3 Rc7 35.Rc3
Kf6 36.Kf2 e4 37.Ke3 Ke5 38.c5 Rg7 39.Kf2 Kd4 40.Rb3 Kxc5 41.Rb4 Kd5 42.a4 Ke5
43.Rb3 Rc7 44.a5 Kf4 45.g3+ Ke5 46.Rb6 Kd4 47.Rd6+ Kc4 48.Ke3 Re7 49.Rd4+ Kc5
50.g4 h6 51.Rxe4 Rg7 52.Re5+ Kd6 53.Kf4 Rf7+ 54.Rf5 Rc7 55.Rf6+ Ke7 56.Rxh6
Rc4+ 57.Kf5 Rc5+ 58.Kg6 Rc6+ 59.Kh5 Rc5+ 60.g5 Rxa5 61.Rh7+ Kf8 62.Rxb7 Rc5
63.Kh6 Rc8 64.g6 Kg8 65.h5 Ra8 66.Rg7+ Kh8 67.Rh7+ Kg8 68.g7 Kf7 69.Rh8 1-0

[Event "Primera"]
[Site ""]
[Date "2006.??.??"]
[Round "8"]
[White "Tirapo Ana"]
[Black "Moreno Laura"]
[Result "1-0"]
[WhiteElo "1868"]
[BlackElo "1710"]

1.g3 d5 2.Bg2 e5 3.d3 c6 4.Nf3 Bd6 5.Nbd2 f5 6.e4 Nf6 7.Qe2 O-O 8.O-O Qc7 9.
Re1 Re8 10.Nh4 fxe4 11.dxe4 Bg4 12.Qe3 d4 13.Qd3 Be6 14.Nf5 Na6 15.Qe2 Nc5 16.
g4 Kh8 17.Nf1 Bf8 18.g5 Ng8 19.Qf3 Qf7 20.N1g3 g6 21.Nh4 Qxf3 22.Nxf3 Bg7 23.
b3 a5 24.Ba3 Nd7 25.Ne2 Bf8 26.Bxf8 Rxf8 27.h3 Nc5 28.Nxe5 Rad8 29.Rad1 d3 30.
cxd3 a4 31.b4 Nd7 32.Nxd7 Rxd7 33.Rd2 Rfd8 34.Nf4 Bf7 35.e5 Rd4 36.Re4 Ne7 37.
e6 Bg8 38.Rde2 Kg7 39.a3 h6 40.h4 h5 41.Kf1 Rxe4 42.Rxe4 Nf5 43.Bh3 Re8 44.
Nxh5+ gxh5 45.Bxf5 Bh7 46.Bxh7 Kxh7 47.f4 Kg6 48.Re5 Rf8 49.e7 Re8 50.f5+ Kg7
51.f6+ 1-0

[Event "Primera"]
[Site ""]
[Date "2006.??.??"]
[Round "8"]
[White "Domínguez Alejandro"]
[Black "Carilla Angel"]
[Result "1-0"]
[WhiteElo "1779"]
[BlackElo "1847"]

1.d4 e6 2.c4 f5 3.Nc3 d5 4.Nf3 c6 5.e3 Bd6 6.Be2 Nf6 7.O-O O-O 8.a3 Ne4 9.Qc2
g5 10.Nd2 Nxd2 11.Bxd2 Qf6 12.f3 f4 13.e4 Qxd4+ 14.Kh1 dxc4 15.Rad1 Qc5 16.Na4
Qe5 17.Bc3 1-0

[Event "Primera"]
[Site ""]
[Date "2006.??.??"]
[Round "8"]
[White "Cortés Cecilio"]
[Black "Jiménez Alejandro"]
[Result "0-1"]
[WhiteElo "1792"]
[BlackElo "1719"]

1.e4 c6 2.Bc4 d5 3.exd5 cxd5 4.Bb3 Nf6 5.d4 Bf5 6.Nf3 Qc7 7.Nc3 e6 8.Qe2 Bb4
9.Bd2 O-O 10.O-O-O Nc6 11.a3 Be7 12.h3 Ne4 13.g4 Nxc3 14.Bxc3 Be4 15.Rhg1 Qf4+
16.Nd2 Bf3 17.Qxf3 Bg5 18.Qxf4 Bxf4 19.Kb1 Rfe8 20.Nf3 Rac8 21.g5 Ne7 22.h4
Nf5 23.Rg4 Bd6 24.Bb4 Bc7 25.c3 a5 26.h5 axb4 27.axb4 g6 28.hxg6 hxg6 29.Ne5
Kg7 30.Rh1 Rh8 31.Rgg1 Nd6 32.Ng4 Ne4 33.Nh6 Bf4 34.Ng4 Nd2+ 35.Kc2 Nf3 36.Ra1
Rxh1 37.Rxh1 Nxd4+ 38.Kd3 Nxb3 39.Nf6 Bxg5 40.Nd7 Nd2 41.Rg1 Bh6 42.Rg3 Ne4
43.Rf3 Rc7 44.Ne5 Bc1 45.Kc2 Bg5 46.Kd3 f5 47.Ke2 Bf6 48.Nd3 b6 49.Nf4 Ng5 50.
Re3 Kf7 51.Nd3 Rc4 52.f4 Ne4 53.Rh3 Kg7 54.Rf3 d4 55.Ne5 Bxe5 56.fxe5 dxc3 57.
bxc3 Rxc3 58.Rf4 Rb3 0-1

[Event "Primera"]
[Site ""]
[Date "2006.??.??"]
[Round "8"]
[White "Lorente Antonio"]
[Black "Charles Eduardo"]
[Result "0-1"]
[WhiteElo "1773"]
[BlackElo "1652"]

1.e4 c5 2.Nf3 d6 3.d4 cxd4 4.Nxd4 g6 5.Nc3 Bg7 6.Be3 Nf6 7.Bc4 O-O 8.Qd2 Ng4
9.Bg5 Nd7 10.Ne6 fxe6 11.Bxe6+ Kh8 12.Bxg4 Ne5 13.Be2 Qb6 14.O-O Bf6 15.Bxf6+
exf6 16.a3 Be6 17.Rfd1 Nf7 18.Rab1 Rac8 19.Qd4 Qxd4 20.Rxd4 a6 21.Rc1 f5 22.
exf5 Bxf5 23.Bd3 Be6 24.Be4 Rc7 25.Rcd1 Rd7 26.Ne2 Re8 27.Nf4 Kg7 28.g3 Ng5
29.Bg2 Bf5 30.c3 b5 31.Bc6 Ree7 32.Bxd7 Nf3+ 33.Kg2 Nxd4 34.Bxf5 Nxf5 35.g4
Nh4+ 36.Kg3 g5 37.Nh5+ Kf8 38.f4 Re3+ 39.Kf2 Rf3+ 40.Ke2 gxf4 41.Rxd6 Re3+ 42.
Kf2 Rf3+ 43.Ke2 Re3+ 44.Kd1 f3 45.Rf6+ Ke7 46.Nf4 Re5 47.g5 Rxg5 48.Re6+ Kf7
49.Re1 Kf6 50.Rf1 Kf5 51.Nh3 Rg2 52.Rf2 Kg4 53.Rxg2+ fxg2 54.Nf2+ Kf3 55.Nh3
Ng6 56.Ke1 Nf4 57.Ng1+ Ke3 58.b3 Nd3+ 59.Kd1 Kf2 60.Nh3+ Kf1 0-1

[Event "Primera"]
[Site ""]
[Date "2006.??.??"]
[Round "8"]
[White "Urgel Fernando"]
[Black "Rubio Abel"]
[Result "0-1"]
[WhiteElo "1714"]
[BlackElo "1817"]

1.e4 d6 2.d4 Nf6 3.Bd3 g6 4.c3 Bg7 5.f4 O-O 6.Nf3 Bg4 7.h3 Bxf3 8.Qxf3 e5 9.
Be3 c5 10.dxc5 exf4 11.Bd4 dxc5 12.Bxc5 Re8 13.O-O Nc6 14.Bc2 Nh5 15.Rd1 Qg5
16.Bd4 Ne5 17.Bxe5 Bxe5 18.Nd2 Bc7 19.Nb3 Bb6+ 20.Kh1 Re7 21.Rd5 Re5 22.Rxe5
Qxe5 23.Rd1 Nf6 24.Nd4 Re8 25.Ne2 Be3 26.g3 g5 27.gxf4 gxf4 28.Rf1 Nh5 29.Qg4+
Kh8 30.Qd7 Rg8 31.Qxf7 Qg5 0-1

[Event "Primera"]
[Site ""]
[Date "2006.??.??"]
[Round "8"]
[White "Planas Alberto"]
[Black "Quintín Alberto"]
[Result "1/2-1/2"]
[WhiteElo "1837"]
[BlackElo "1792"]

1.e4 c5 2.Nf3 d6 3.d4 Nf6 4.Nc3 cxd4 5.Nxd4 g6 6.f4 Nc6 7.Be3 Bg7 8.Be2 Bd7 9.
O-O Ng4 10.Bxg4 Bxg4 11.Nxc6 Qc8 12.Nxa7 Rxa7 13.Qd3 Ra6 14.Bd4 O-O 15.Bxg7
Kxg7 16.Qd4+ Kg8 17.h3 Bd7 18.Nd5 Re8 19.Nb6 Qc6 20.Nxd7 Qxd7 21.b3 Rea8 22.a4
b5 23.axb5 Rxa1 24.Rxa1 Rxa1+ 25.Qxa1 Qxb5 26.Qf1 Qc5+ 27.Qf2 Qc3 28.f5 Qa1+
1/2-1/2

[Event "Primera"]
[Site ""]
[Date "2006.??.??"]
[Round "8"]
[White "Colom Eduardo"]
[Black "Sanz Alberto"]
[Result "1-0"]
[WhiteElo "1808"]
[BlackElo "1860"]

1.e4 d5 2.exd5 Nf6 3.d4 Nxd5 4.c4 Nb4 5.a3 N4a6 6.Nc3 c6 7.Bf4 g6 8.Qd2 Bg7 9.
Nge2 O-O 10.h4 Nc7 11.Bh6 e5 12.h5 Qf6 13.Ne4 Qe7 14.Bxg7 Kxg7 15.dxe5 Rd8 16.
Qe3 Bf5 17.hxg6 Bxe4 18.Qh6+ Kg8 19.Qxh7+ 1-0

[Event "Primera"]
[Site ""]
[Date "2006.??.??"]
[Round "8"]
[White "Garreta Javier"]
[Black "Iglesias Luis"]
[Result "0-1"]
[WhiteElo "1680"]
[BlackElo "1748"]

1.e4 g6 2.f4 d6 3.Nf3 e6 4.Bb5+ c6 5.Ba4 Bg7 6.Bb3 Nd7 7.d4 Ne7 8.O-O O-O 9.
Nc3 d5 10.e5 f6 11.Ne2 fxe5 12.fxe5 Qb6 13.Be3 Nxe5 14.Nxe5 Bxe5 15.Rxf8+ Kxf8
16.Qf1+ Kg8 17.Qf3 Bg7 18.Rf1 Nf5 19.g4 Nd6 20.Qg3 Ne4 21.Qh4 Bd7 22.Qe7 Qd8
23.Qf7+ Kh8 24.c3 Qe8 25.Bc2 Nd6 26.Qf3 Qe7 27.Qh3 Kg8 28.Nc1 Rf8 29.Rxf8+
Qxf8 30.Qg3 Nc4 31.Nd3 Nxe3 32.Qxe3 b6 33.h3 Qd6 34.Kg2 Bf8 35.Ne5 c5 36.Qg5
Be8 37.Qf6 Bg7 38.Qg5 cxd4 39.cxd4 Qf8 40.Qd8 Bb5 41.Qxf8+ Kxf8 42.Kf3 Ke7 43.
g5 Kd6 44.Nf7+ Ke7 45.Ne5 Bf1 46.h4 Bh3 47.Nc6+ Kd7 48.Ba4 a6 49.Ne5+ Kc7 50.
Ke3 b5 51.Bd1 Bf5 52.Be2 h6 53.a4 bxa4 54.Bxa6 Bxe5 55.dxe5 hxg5 56.hxg5 Kb6
57.Be2 Kc5 58.Bd1 d4+ 59.Kf3 Kb4 60.Kf2 a3 61.bxa3+ Kxa3 62.Ke1 Kb4 63.Kd2 Kc4
64.Bf3 d3 65.Ke3 Kc3 66.Bd1 d2 0-1

[Event "Primera"]
[Site ""]
[Date "2006.??.??"]
[Round "8"]
[White "Nasarre Tomás"]
[Black "Lera José Carlos"]
[Result "0-1"]
[WhiteElo "1764"]
[BlackElo "1590"]

1.d4 d5 2.c4 e6 3.Nc3 Bb4 4.Nf3 Nf6 5.a3 Be7 6.Bf4 c5 7.e3 Nc6 8.dxc5 Bxc5 9.
b4 Bd6 10.cxd5 exd5 11.Nxd5 Nxd5 12.Qxd5 Bxb4+ 13.axb4 Qxd5 14.Be2 Nxb4 15.O-O
O-O 16.Ng5 Qf5 17.g4 Qg6 18.Bf3 h6 19.Be4 Qb6 20.Nf3 Bxg4 21.Ne5 Bh3 22.Rfb1
a5 23.Kh1 Rfd8 24.Rg1 Rd2 25.Rg3 Rxf2 26.Rxh3 Rxf4 27.exf4 Qd4 28.Re1 Nd5 29.
Rd3 Qf2 30.Red1 Qxf4 31.Bxd5 Qxe5 32.Bxb7 Rb8 33.Bd5 Rb2 34.Bg2 Re2 35.Rf1 Re1
36.Kg1 Rxf1+ 37.Bxf1 a4 38.Rd8+ Kh7 39.Bd3+ g6 40.Rd7 Kg7 41.Kg2 Qg5+ 42.Kf3
a3 43.Bc4 Qf5+ 0-1

[Event "Primera"]
[Site ""]
[Date "2006.??.??"]
[Round "8"]
[White "Fondón Alvaro"]
[Black "Mánguez José Luis"]
[Result "0-1"]
[WhiteElo "1658"]
[BlackElo "1825"]

1.d4 Nf6 2.c4 d5 3.g3 dxc4 4.Bg2 g6 5.Qa4+ Bd7 6.Qxc4 Nc6 7.Bf4 e6 8.Nc3 Bg7
9.Nb5 Rc8 10.Rc1 O-O 11.Nf3 Nd5 12.Bg5 f6 13.Bd2 Nb6 14.Qd3 a6 15.Nc3 Nb4 16.
Qe4 Re8 17.a3 Bc6 18.Qf4 N4d5 19.Nxd5 exd5 20.e3 Re4 0-1

[Event "Primera"]
[Site ""]
[Date "2006.??.??"]
[Round "8"]
[White "Millán David"]
[Black "Sacristán Alberto"]
[Result "1-0"]
[WhiteElo "1664"]
[BlackElo "1612"]

1.d4 Nf6 2.c4 g6 3.Nc3 Bg7 4.e4 d6 5.Nf3 O-O 6.Be2 e5 7.O-O Nc6 8.d5 Ne7 9.b4
Ne8 10.Ng5 h6 11.Nf3 f5 12.Bd3 f4 13.c5 g5 14.cxd6 Qxd6 15.Nb5 Qd8 16.Bb2 Ng6
17.Qb3 Kh7 18.Rfd1 a6 19.Na3 Nd6 20.Nc4 Qe7 21.Nxd6 Qxd6 22.Rac1 Rf7 23.Ba3
Qd8 24.d6 Qf6 25.dxc7 Be6 26.Bc4 Bxc4 27.Rxc4 Rc8 28.Rdc1 g4 29.Ne1 f3 30.g3
h5 31.b5 Rd7 32.bxa6 bxa6 33.Qb7 Rg8 34.c8=Q Rxc8 35.Qxd7 Rxc4 36.Rxc4 1-0

[Event "Primera"]
[Site ""]
[Date "2006.??.??"]
[Round "8"]
[White "De Pablo Tomás"]
[Black "Delso Jaime"]
[Result "0-1"]
[WhiteElo "1716"]
[BlackElo "1708"]

1.d4 e6 2.e4 d5 3.e5 c5 4.Bb5+ Bd7 5.Bxd7+ Nxd7 6.c3 Ne7 7.Nf3 cxd4 8.cxd4
Qa5+ 9.Qd2 Qxd2+ 10.Bxd2 Nc6 11.Bc3 Nb4 12.Bxb4 Bxb4+ 13.Nbd2 Rc8 14.a3 Bxd2+
15.Nxd2 O-O 16.O-O Rc2 17.Nf3 Rxb2 18.Rfb1 Rxb1+ 19.Rxb1 Nb6 20.g3 Rc8 21.a4
Rc7 22.a5 Nc4 23.a6 b6 24.Rc1 f6 25.exf6 gxf6 26.Nd2 Kf7 27.Nb3 Ke7 28.f4 Kd6
29.Re1 Nb2 30.Rb1 Nd3 31.Kg2 Rc3 32.Kg1 Nb4 33.Nd2 Rd3 34.Rxb4 Rxd2 35.Ra4 Kc6
36.h4 Kb5 37.Ra3 Rxd4 38.Kh2 Ra4 39.Re3 Re4 40.Ra3 d4 41.Ra2 d3 42.Ra3 d2 43.
Rd3 Re2+ 44.Kh3 Kc4 45.Rd7 b5 46.Rc7+ Kb3 47.Rd7 b4 48.Kg4 Kc2 49.Rc7+ Kd1 50.
Rxa7 Ke1 51.Rd7 d1=Q 52.Rxd1+ Kxd1 0-1

[Event "Primera"]
[Site ""]
[Date "2006.??.??"]
[Round "8"]
[White "Solana Angel"]
[Black "Pérez David"]
[Result "0-1"]
[WhiteElo "1593"]
[BlackElo "1671"]

1.d4 d5 2.Nf3 Nf6 3.e3 e6 4.Bd3 c5 5.b3 cxd4 6.exd4 Nc6 7.a3 Qa5+ 8.c3 b5 9.
O-O b4 10.Qc2 Bb7 11.Bb2 bxc3 12.Bxc3 Qc7 13.Bb5 Bd6 14.Ba5 Qc8 15.Rc1 Kd7 16.
Nbd2 Ng8 17.Bb4 f6 18.Bxd6 Kxd6 19.Bxc6 Bxc6 20.Qc5+ Kd7 21.Qa5 Ne7 22.Rc5 Qb7
23.Rac1 Rhc8 24.Qc3 Nf5 25.a4 Nd6 26.Qd3 Ne4 27.Nxe4 dxe4 28.Ne5+ fxe5 29.Qe3
Bd5 30.Qg3 Ke8 31.Qxe5 Rxc5 32.dxc5 Rc8 33.Qd4 Qe7 34.b4 Qg5 35.Rc2 Bb3 36.Rd2
Rd8 37.Qxd8+ Qxd8 38.Rxd8+ Kxd8 39.a5 Bc4 40.h4 Kc7 41.g4 Bd5 42.b5 Bc4 43.b6+
axb6 44.cxb6+ Kb7 45.Kh2 Bd5 46.Kg3 Ka6 47.Kf4 Kxa5 48.b7 Bxb7 49.Ke5 Bd5 50.
Kd6 Kb5 51.Ke5 Kc4 52.Kf4 Kd3 53.Kg3 e3 54.fxe3 Kxe3 55.g5 Bf3 56.Kh2 Kf2 57.
g6 h6 58.Kh3 e5 59.Kh2 e4 60.h5 e3 0-1

[Event "Primera"]
[Site ""]
[Date "2006.??.??"]
[Round "8"]
[White "Valladolid Luis"]
[Black "Casterá Rafael"]
[Result "1-0"]
[WhiteElo "1676"]
[BlackElo "1672"]

1.e4 e5 2.Nf3 Nc6 3.d4 exd4 4.Nxd4 Qh4 5.Nc3 Bb4 6.Be3 Qxe4 7.Nb5 Bxc3+ 8.bxc3
Qe5 9.Be2 a6 10.Bd4 Nxd4 11.cxd4 Qf4 12.g3 Qe4 13.Nxc7+ Kd8 14.f3 Qc6 15.Nxa8
Nf6 16.O-O b5 17.Qd2 Qxa8 18.Qa5+ Ke7 19.Rae1 d5 20.Bxb5+ Be6 21.Qc7+ Kf8 22.
Bc6 Qc8 23.Qd6+ Kg8 24.Rb1 Ne8 25.Bxe8 Qxe8 26.Rfe1 1-0

[Event "Primera"]
[Site ""]
[Date "2006.??.??"]
[Round "8"]
[White "Larrosa Marcos"]
[Black "Cuartero Argimiro"]
[Result "1-0"]
[WhiteElo "1676"]
[BlackElo "1710"]

1.d4 Nf6 2.Bg5 c6 3.Bxf6 exf6 4.e3 d5 5.b3 Bf5 6.Bd3 Qd7 7.h3 Bd6 8.Nf3 O-O 9.
Bxf5 Qxf5 10.O-O Re8 11.c4 Nd7 12.c5 Bc7 13.Nc3 Qe6 14.Rc1 h6 15.Re1 f5 16.Ne2
Nf6 17.Nf4 Qd7 18.Nd3 Qe7 19.Nd2 Ne4 20.Nxe4 fxe4 21.Nb2 f5 22.f4 exf3 23.Qxf3
Qe4 24.Qxe4 Rxe4 25.b4 Rae8 26.Kf2 f4 27.Rc3 fxe3+ 28.Rexe3 Rf8+ 29.Ke2 Rxd4
30.Nd3 Rf6 31.Rc2 Kf7 32.a3 Bf4 33.Nxf4 Rdxf4 34.Rf3 Ke6 35.Re3+ Re4 36.Rxe4+
dxe4 37.Rd2 Rg6 38.Kf2 e3+ 39.Kxe3 Rg3+ 40.Kd4 Rxa3 41.Re2+ Kf6 42.Rf2+ Kg5
43.Rf7 Rg3 44.Rxg7+ Kh4 45.Rxb7 Rxg2 46.Rxa7 Kxh3 47.Ra6 Rg4+ 48.Kc3 Rg3+ 49.
Kc4 Rg4+ 50.Kb3 Rg3+ 51.Ka4 Kg4 52.Rxc6 1-0

[Event "Primera"]
[Site ""]
[Date "2006.??.??"]
[Round "8"]
[White "Laborda Oscar"]
[Black "Añaños Diego"]
[Result "1/2-1/2"]
[WhiteElo "1662"]
[BlackElo "1658"]

1.e4 e5 2.Nc3 Nf6 3.Bc4 Nc6 4.d3 d6 5.f4 Be6 6.Bxe6 fxe6 7.fxe5 Nxe5 8.Bg5 Be7
9.Bxf6 Bxf6 10.d4 Nc6 11.Nf3 O-O 12.O-O Qd7 13.a3 d5 14.e5 Be7 15.Qd2 Na5 16.
b3 b6 17.Ne2 c5 18.Kh1 Rac8 19.Ng5 h6 20.Rxf8+ Rxf8 21.Nf3 Nc6 22.Nf4 cxd4 23.
Nxd4 Nxd4 24.Qxd4 Bc5 25.Qd2 Qf7 26.Rf1 g5 27.b4 gxf4 28.bxc5 bxc5 29.g3 f3
30.Qxh6 Qf5 31.Qe3 f2 32.Kg2 Qxc2 33.Qg5+ Kh7 34.Qe7+ Kg8 35.Qg5+ 1/2-1/2

[Event "Primera"]
[Site ""]
[Date "2006.??.??"]
[Round "9"]
[White "Juni Marcos"]
[Black "Sancho Jesús"]
[Result "1-0"]
[WhiteElo "1631"]
[BlackElo "1686"]

1.e4 e5 2.Nf3 Nc6 3.Bc4 Nf6 4.Nc3 Nxe4 5.Nxe4 d5 6.Bxd5 Qxd5 7.Nc3 Qd8 8.O-O
Bd6 9.d3 O-O 10.Re1 Bg4 11.Be3 Nd4 12.Bxd4 exd4 13.Ne4 Re8 14.h3 Bh5 15.g4 Bg6
16.Nxd4 Bxe4 17.dxe4 Qf6 18.c3 Rad8 19.Qf3 Qe5 20.Rad1 g6 21.Nb3 Kg7 22.Rd5
Qf6 23.Qxf6+ Kxf6 24.g5+ Kg7 25.e5 Be7 26.Rxd8 Rxd8 27.f4 b6 28.Kg2 h6 29.h4
hxg5 30.hxg5 c5 31.Re2 Rd3 32.Rd2 Rxd2+ 33.Nxd2 b5 34.b3 a5 35.c4 b4 36.Kf3
Kf8 37.Ke4 Ke8 38.Kd5 Kd7 39.Ne4 Bd8 40.Nxc5+ Ke7 41.Nb7 Bb6 42.c5 Ba7 43.Nxa5
Bxc5 44.Kxc5 Ke6 45.Nc6 Kf5 46.Nxb4 1-0

[Event "Primera"]
[Site ""]
[Date "2006.??.??"]
[Round "9"]
[White "Donoso Alejandro"]
[Black "Domínguez Alejandro"]
[Result "1/2-1/2"]
[WhiteElo "1786"]
[BlackElo "1779"]

1.e4 c5 2.Nc3 Nc6 3.g3 d6 4.Bg2 Nf6 5.f4 e6 6.Nf3 Be7 7.O-O a6 8.a4 Qc7 9.d3
b6 10.h3 Bb7 11.Be3 O-O 12.g4 d5 13.e5 Nd7 14.Bd2 Rac8 15.g5 Nd4 16.h4 Nf5 17.
Qe1 Nb8 18.Ne2 Nc6 19.Bh3 d4 20.Ng3 g6 21.Nxf5 exf5 22.h5 Kg7 23.Qh4 Rh8 24.
h6+ Kf8 25.Kh2 Nd8 26.Bg2 Ne6 27.Qf2 Qd7 28.Ng1 c4 29.Bxb7 Qxb7 30.Rfc1 c3 31.
bxc3 dxc3 32.Be3 Bc5 33.Ne2 Ke7 34.Rcb1 b5 35.axb5 axb5 36.Bxc5+ Rxc5 37.Ra3
b4 38.Rxc3 Rhc8 39.Rcb3 Rxc2 40.Rxb4 Qd5 1/2-1/2

[Event "Primera"]
[Site ""]
[Date "2006.??.??"]
[Round "9"]
[White "Charles Eduardo"]
[Black "Rubio Abel"]
[Result "1-0"]
[WhiteElo "1652"]
[BlackElo "1817"]

1.Nf3 Nf6 2.c4 b5 3.cxb5 a6 4.e3 g6 5.Nc3 Bg7 6.bxa6 Nxa6 7.Be2 O-O 8.a3 Bb7
9.Qc2 c5 10.O-O d6 11.d4 cxd4 12.exd4 Rc8 13.Be3 Nc7 14.Qa4 Ncd5 15.Nxd5 Bxd5
16.Rfc1 Ra8 17.Qd1 Qb6 18.b4 Ra7 19.b5 Rfa8 20.a4 Ne4 21.Bc4 Bb7 22.Qb3 e6 23.
d5 Qa5 24.Ra2 exd5 25.Bxd5 Bxd5 26.Qxd5 Nc3 27.Rxc3 Qxc3 28.Bd2 Qc7 29.a5 Rc8
30.g3 Qd7 31.b6 Ra6 32.Qd3 Qb7 33.Kg2 d5 34.Rc2 d4 35.Rxc8+ Qxc8 36.Qb5 Qb7
37.Bb4 Bf8 38.Bd2 Bd6 39.Qd3 Bc5 40.Qb5 Bxb6 41.axb6 Rxb6 42.Qe8+ Kg7 43.Qe5+
Rf6 44.Bf4 d3 45.Qe3 d2 46.Bh6+ 1-0

[Event "Primera"]
[Site ""]
[Date "2006.??.??"]
[Round "9"]
[White "Jiménez Alejandro"]
[Black "Planas Alberto"]
[Result "1-0"]
[WhiteElo "1719"]
[BlackElo "1837"]

1.d4 d5 2.c4 e6 3.Nc3 c6 4.Nf3 Bd6 5.Bg5 f6 6.Bh4 dxc4 7.a4 Bd7 8.e3 b5 9.Ne5
Ne7 10.Nxd7 Qxd7 11.axb5 cxb5 12.Qf3 Nd5 13.Be2 O-O 14.Nxd5 exd5 15.Qxd5+ Kh8
16.Bf3 Rc8 17.Qxa8 Bb4+ 18.Ke2 Nc6 19.Bxc6 Qxc6 1-0

[Event "Primera"]
[Site ""]
[Date "2006.??.??"]
[Round "9"]
[White "Mánguez José Luis"]
[Black "Colom Eduardo"]
[Result "1-0"]
[WhiteElo "1825"]
[BlackElo "1808"]

1.d4 Nf6 2.Nc3 d6 3.e4 g6 4.f4 Nbd7 5.Nf3 Bg7 6.e5 Ng4 7.Ng5 dxe5 8.Qxg4 exd4
9.Nce4 Nf6 10.Nxf6+ exf6 11.Qe2+ Kd7 12.Nxf7 Qg8 13.Nxh8 Bxh8 14.Qc4 Qe8+ 15.
Be2 f5 16.Qd5+ Ke7 17.Bd2 c6 18.Bb4+ 1-0

[Event "Primera"]
[Site ""]
[Date "2006.??.??"]
[Round "9"]
[White "Moreno Laura"]
[Black "Quintín Alberto"]
[Result "0-1"]
[WhiteElo "1710"]
[BlackElo "1792"]

1.e4 c5 2.Nf3 d6 3.d4 Nf6 4.Nc3 cxd4 5.Nxd4 g6 6.f3 Bg7 7.Be3 O-O 8.Qd2 Nc6 9.
O-O-O Nxd4 10.Bxd4 Be6 11.g4 Qa5 12.g5 Nh5 13.Bxg7 Kxg7 14.Kb1 Rfc8 15.Nd5
Qxd2 16.Rxd2 Bxd5 17.exd5 Rc5 18.Rd4 Rac8 19.Bd3 b5 20.Re1 Kf8 21.f4 Ng7 22.
Re2 Nf5 23.Bxf5 gxf5 24.h4 Rc4 25.Red2 Kg7 26.b3 Rxd4 27.Rxd4 a5 28.Kb2 Kg6
29.c3 Kh5 30.a4 bxa4 31.Rxa4 Rc5 32.Rd4 Kxh4 33.b4 axb4 34.cxb4 Rb5 35.Kb3 f6
36.gxf6 exf6 37.Ka4 Rb8 38.Ka5 Kg4 39.Ka6 h5 40.b5 h4 41.b6 h3 42.Kb5 h2 43.
Rd1 Rh8 44.Kc6 h1=Q 45.Rxh1 Rxh1 46.Kxd6 Kxf4 47.b7 Rb1 48.Kc7 Ke5 49.d6 Rxb7+
0-1

[Event "Primera"]
[Site ""]
[Date "2006.??.??"]
[Round "9"]
[White "Lera José Carlos"]
[Black "Millán David"]
[Result "0-1"]
[WhiteElo "1590"]
[BlackElo "1664"]

1.d4 Nf6 2.c4 e6 3.Nc3 Bb4 4.Bd2 c5 5.a3 cxd4 6.axb4 dxc3 7.bxc3 d5 8.cxd5
Nxd5 9.Nf3 Nc6 10.e3 Qf6 11.Qc2 Ndxb4 12.Qa4 Nd5 13.Bb5 Bd7 14.O-O O-O 15.Qc2
Rfc8 16.Bd3 h6 17.Rfb1 Ncb4 18.Bh7+ Kh8 19.Qe4 Nxc3 20.Bxc3 Qxc3 21.Ne5 f5 22.
Qxb4 Qxe5 23.Qxb7 Bc6 24.Qe7 Kxh7 25.Rxa7 Rxa7 26.Qxa7 Qe4 27.f3 0-1

[Event "Primera"]
[Site ""]
[Date "2006.??.??"]
[Round "9"]
[White "Carilla Angel"]
[Black "Lorente Antonio"]
[Result "1-0"]
[WhiteElo "1847"]
[BlackElo "1773"]

1.d4 Nf6 2.c4 d5 3.Nc3 c6 4.Nf3 e6 5.e3 Nbd7 6.Bd3 Bb4 7.O-O O-O 8.Qc2 dxc4 9.
Bxc4 Nb6 10.Bd3 Bxc3 11.bxc3 Nbd5 12.e4 Ne7 13.e5 Nfd5 14.Bxh7+ Kh8 15.Be4 f5
16.Bxd5 Nxd5 17.Ng5 Qe8 18.f4 g6 19.Rf3 Kg7 20.c4 Ne7 21.Ba3 Rh8 22.Qc3 Qd8
23.Bd6 Ng8 24.Rb1 Nh6 25.Rxb7+ 1-0

[Event "Primera"]
[Site ""]
[Date "2006.??.??"]
[Round "9"]
[White "Pérez David"]
[Black "Glez-Mendoza José Antonio"]
[Result "1-0"]
[WhiteElo "1671"]
[BlackElo "1704"]

1.Nf3 g6 2.g3 Bg7 3.Bg2 Nf6 4.d4 O-O 5.c4 c6 6.O-O d5 7.cxd5 cxd5 8.Nc3 Nc6 9.
Bf4 a6 10.Rc1 Re8 11.Qd2 Bg4 12.Ne5 Bc8 13.e4 e6 14.Bg5 Qa5 15.Qf4 Nxe5 16.
dxe5 Nxe4 17.Bxe4 dxe4 18.Bf6 Bxf6 19.Qxf6 Qd8 20.Nxe4 Rf8 21.Rfd1 Qxf6 22.
Nxf6+ Kg7 23.Rc7 b5 24.h4 h5 25.g4 hxg4 26.Rd4 Rb8 27.Rxg4 Kh6 28.Rg5 Rb7 29.
Rc3 Rd8 30.Rcg3 Rc7 31.h5 Rc1+ 32.Kh2 Bb7 33.Rxg6+ 1-0

[Event "Primera"]
[Site ""]
[Date "2006.??.??"]
[Round "9"]
[White "Delso Jaime"]
[Black "Cortés Cecilio"]
[Result "1-0"]
[WhiteElo "1708"]
[BlackElo "1792"]

1.e4 d6 2.d4 g6 3.g3 Bg7 4.Bg2 Nd7 5.Be3 e5 6.c3 Ngf6 7.Nd2 c5 8.d5 a5 9.Nh3
O-O 10.O-O Nb6 11.f4 Ng4 12.Qe2 Bh6 13.Nf2 Nxe3 14.Qxe3 exf4 15.gxf4 Qf6 16.
Nd3 Re8 17.Rae1 Na4 18.Qg3 Kh8 19.e5 Qd8 20.Nc4 Bf8 21.Qf2 Bf5 22.Be4 b5 23.
Nxd6 Bxd6 24.Bxf5 gxf5 25.exd6 Rg8+ 26.Kh1 Qxd6 27.Re5 c4 28.Ne1 Qd7 29.Qd4
Rg7 30.Nf3 Rag8 31.Rfe1 Qd6 32.Nh4 Qc5 33.Nxf5 Qxd4 34.cxd4 Nxb2 35.Nxg7 Rxg7
36.d6 Nd3 37.Re8+ Rg8 38.Rxg8+ Kxg8 39.Re8+ Kg7 1-0

[Event "Primera"]
[Site ""]
[Date "2006.??.??"]
[Round "9"]
[White "Urgel Fernando"]
[Black "Belmonte Avelino"]
[Result "1-0"]
[WhiteElo "1714"]
[BlackElo "1767"]

1.e4 d5 2.exd5 Nf6 3.d4 Bg4 4.f3 Bf5 5.Bb5+ Nbd7 6.c4 a6 7.Bxd7+ Qxd7 8.Nc3
O-O-O 9.Nge2 e6 10.dxe6 Qxe6 11.b3 Bc5 12.O-O Rhe8 13.Kh1 Bd6 14.Bb2 h5 15.Qd2
Nh7 16.Rae1 Qf6 17.Nd5 Qh4 18.g3 Qg5 19.Qxg5 Nxg5 20.Nef4 c6 21.Ne3 Bxf4 22.
Nxf5 Bd2 23.Rxe8 Rxe8 24.Nd6+ Kd7 25.Nxe8 Kxe8 26.Rf2 Ba5 27.Re2+ Kd7 28.Re5
1-0

[Event "Primera"]
[Site ""]
[Date "2006.??.??"]
[Round "9"]
[White "Sanz Alberto"]
[Black "Valladolid Luis"]
[Result "1/2-1/2"]
[WhiteElo "1860"]
[BlackElo "1676"]

1.e4 e5 2.Bc4 Nf6 3.Nf3 Bc5 4.O-O O-O 5.Nc3 d6 6.d4 exd4 7.Nxd4 a6 8.Bg5 Nbd7
9.a3 Qe8 10.b4 Ba7 11.Re1 Qe5 12.Be3 Nxe4 13.Nxe4 Qxe4 14.Bd3 Qh4 15.Nf5 Qf6
16.Bxa7 Rxa7 17.Ne7+ Kh8 18.Nd5 Qd8 19.Bxh7 Nf6 20.Nxf6 Qxf6 21.Qh5 Qh6 22.
Qxh6 gxh6 23.Bd3 Be6 24.f4 Rg8 25.f5 Bd5 26.g3 c5 27.c4 Bc6 28.Re7 Kg7 29.Rae1
Kf6 30.Kf2 Raa8 31.R1e3 Rae8 32.Rxe8 Rxe8 33.Rxe8 Bxe8 34.Ke3 cxb4 35.axb4 b5
36.cxb5 Bxb5 37.Bxb5 axb5 38.Kf4 d5 39.g4 d4 40.Ke4 d3 41.Kxd3 Kg5 42.Kd4 Kxg4
43.Kc5 Kxf5 44.Kxb5 Ke4 45.Kc5 f5 46.b5 f4 47.b6 f3 48.b7 f2 49.b8=Q f1=Q 50.
Qe8+ Kf3 51.Qc6+ Kf2 52.Qxh6 Kg2 53.h4 Qf5+ 54.Kd6 Kh3 55.Qg5 Qd3+ 56.Ke7 Qa3+
57.Kf6 Qd6+ 58.Kf5 Qd5+ 1/2-1/2

[Event "Primera"]
[Site ""]
[Date "2006.??.??"]
[Round "9"]
[White "Casas José Antonio"]
[Black "Fondón Alvaro"]
[Result "1-0"]
[WhiteElo "1768"]
[BlackElo "1658"]

1.e4 e5 2.Nf3 Nc6 3.Bb5 d6 4.c3 Nf6 5.d4 a6 6.Bxc6+ bxc6 7.dxe5 Nd7 8.exd6
Bxd6 9.O-O O-O 10.Nbd2 Qf6 11.Nc4 Re8 12.Re1 Bb7 13.Bg5 Qg6 14.Na5 Rab8 15.
Nxb7 Rxb7 16.e5 Nxe5 17.Nxe5 Qxg5 18.Nf3 Rxe1+ 19.Qxe1 Qc5 20.Qe8+ Bf8 21.Ne5
Rxb2 22.Qxf7+ Kh8 23.Nd7 Qe7 24.Qxf8+ Qxf8 25.Nxf8 Rc2 26.Ne6 Rxc3 27.Nxc7 a5
28.Kf1 Kg8 29.Ne6 Kf7 30.Ng5+ Kg6 31.Ne4 Rc2 32.Ke1 Kf5 33.Kd1 Rb2 34.Nd2 Rb4
35.Rc1 Rh4 36.Rc5+ Kf6 37.Nf3 Ra4 38.Rxc6+ Kf7 39.Rc2 h6 40.Kd2 Rg4 41.g3 Ke6
42.Kc3 Rb4 43.Nd4+ Kd5 44.Nb3 Rb5 45.Rd2+ Kc6 46.Nd4+ 1-0

[Event "Primera"]
[Site ""]
[Date "2006.??.??"]
[Round "9"]
[White "Pérez José María"]
[Black "Garreta Javier"]
[Result "0-1"]
[WhiteElo "1604"]
[BlackElo "1680"]

1.e4 e5 2.Nf3 d5 3.Nxe5 Bd6 4.Ng4 dxe4 5.d3 exd3 6.Bxd3 Qe7+ 7.Ne3 Nf6 8.O-O
O-O 9.Qf3 Nc6 10.Nd5 Nxd5 11.Qxd5 Qh4 12.g3 Qh3 13.Be4 Be6 14.Qb5 Nd4 15.Qd3
Nf5 16.Bg2 Qg4 17.Nc3 Bc4 18.Qe4 Qxe4 19.Bxe4 Bxf1 20.Kxf1 Nd4 21.Be3 Ne6 22.
Rb1 c6 23.b3 f5 24.Bd3 b5 25.Rd1 Be5 26.Ne2 f4 27.Bc1 fxg3 28.hxg3 Rad8 29.Kg2
Nc5 30.Ba3 Nxd3 31.cxd3 Rf7 32.Bc5 g5 33.Rd2 Rfd7 34.d4 Bd6 35.b4 Bxc5 36.bxc5
Rd5 37.Kh3 Rxc5 38.dxc5 Rxd2 39.Nc3 Rxf2 40.Ne4 Rxa2 41.Nxg5 b4 42.Ne4 b3 43.
Nc3 Rc2 44.Nb1 Rc1 45.Na3 b2 0-1

[Event "Primera"]
[Site ""]
[Date "2006.??.??"]
[Round "9"]
[White "Larrosa Marcos"]
[Black "Nasarre Tomás"]
[Result "1-0"]
[WhiteElo "1676"]
[BlackElo "1764"]

1.d4 d5 2.Bg5 Nf6 3.Bxf6 exf6 4.e3 c5 5.g3 Nc6 6.Bg2 Bf5 7.a3 Qa5+ 8.Nc3 cxd4
9.exd4 Rd8 10.Ne2 Be4 11.O-O Bxg2 12.Kxg2 g5 13.b4 Qc7 14.Re1 Be7 15.Ng1 h5
16.Qf3 Nxd4 17.Qxf6 Nxc2 18.Nb5 Nxe1+ 19.Rxe1 O-O 20.Rxe7 Qc6 21.Qxg5+ Qg6 22.
Qxg6+ fxg6 23.Nd4 Rf7 24.Re5 Rd6 25.Nge2 Ra6 26.Rxd5 Rxa3 27.Ra5 Rxa5 28.bxa5
Rf6 29.Nf4 Kf7 30.Kf1 Ra6 31.Nb3 b6 32.axb6 Rxb6 33.Nc5 a5 34.Nfd3 Rb1+ 35.Ke2
Ra1 36.Nb2 g5 37.Kf3 Kg6 38.h3 Kf5 39.g4+ hxg4+ 40.hxg4+ Ke5 41.Nb3 Ra3 42.
Nc4+ 1-0